Majd a gyerekek...
Elmentve itt :
| Szerző: | |
|---|---|
| Dokumentumtípus: | Cikk |
| Megjelent: |
1971-04-18
|
| Sorozat: | Délmagyarország
61 No. 91 |
| Kulcsszavak: | konzervgyár, óvodák, bölcsődék |
| Online Access: | http://dmarchiv.bibl.u-szeged.hu/104906 |
| LEADER | 00458nab a2200157 i 4500 | ||
|---|---|---|---|
| 001 | delm104906 | ||
| 005 | 20190424130339.0 | ||
| 008 | 190424s1971 hu o 0|| hun d | ||
| 040 | |a SZTE Délmagyarország Archívum |b hun | ||
| 041 | |a hun | ||
| 100 | 1 | |a Simai Mihály | |
| 245 | 1 | 0 | |a Majd a gyerekek... |h [elektronikus dokumentum] / |c Simai Mihály |
| 260 | |c 1971-04-18 | ||
| 300 | |a 4 | ||
| 490 | 0 | |a Délmagyarország |v 61 No. 91 | |
| 695 | |a konzervgyár, óvodák, bölcsődék | ||